000 00657nam a2200217Ii 4500
003 JO-AjNU
008 230606s9999||||xx |||||||||||||| ||und||
020 _a978-0-495-29585-3
040 _aJO-AjNU
_beng
_erda
_cJO-AjNU
041 _aeng
050 1 4 _aTD146.V47 2010
100 3 _aVesilind, Aarne/Susan, Morgan/Heine,Lauren, ,
_eauthor
_94115
245 0 0 _aIntroduction to Environmental Engineering
250 _a3 ed
264 3 1 _aAustralia :cengage learning ,2010
300 _a600p
336 _atext
_btxt
_2rdacontent
337 _aunmediated
_bn
_2rdamedia
338 _avolume
_bnc
_2rdacarrier
650 4 _a Environmental Engineering
_94116
999 _aE2141
_c2140
_d2140